'D'-ifficult Images Quiz Stats

 Plays Quiz Updated Aug 2, 2014

Support Sporcle.
Go Orange.
Score 0/24 Timer 05:00
1 Play Today
Hint Answer % Correct
dragon
99.2%
dive
98.8%
diameter
96.4%
diaper
96.3%
deck
95.9%
drain
95.3%
dimple
94.7%
dirt
92.5%
drumstick
92.1%
dip
90%
dreadlocks
86.7%
doodle
85.1%
Hint Answer % Correct
dormitory
81.3%
discus
79.5%
ditch
77.6%
driftwood
76.3%
dumpling
76%
doily
73.9%
dwarf
56.9%
duct
50.4%
drake
47.6%
dowel
38.8%
dugong
26.2%
durian
22.4%

You're not logged in!

Compare scores with friends on all Sporcle quizzes.
OR
Log In

From the Vault

City by Landmark

by Cortez

If you're trying to find any of these places, just look for large groups of tourists and you'll know you're close by.
Remove Ads.
Support Sporcle.
Get the best of Sporcle when you Go Orange. This ad-free experience offers more features, more stats, and more fun while also helping to support Sporcle. Thank you for becoming a member.

Show Comments

Extras

Top Quizzes Today


Score Distribution

Your Account Isn't Verified!

In order to create a playlist on Sporcle, you need to verify the email address you used during registration. Go to your Sporcle Settings to finish the process.

Report this User

Report this user for behavior that violates our Community Guidelines.

Details: